| 000 | 00420nam a2200181Ia 4500 | ||
|---|---|---|---|
| 001 | 23098 | ||
| 005 | 20260414150914.0 | ||
| 008 | 260414t2010||||xx |||||||||||||| ||spa|| | ||
| 041 | _aESP | ||
| 082 |
_a624.1834 _bN48A |
||
| 100 |
_aNeville, A. M. _eAUT |
||
| 245 | 0 |
_aConcrete technology _b |
|
| 260 | _c2010 | ||
| 300 |
_axvi, 442 páginas : _c23 cm. |
||
| 650 | _a0 | ||
| 654 | _aCIC | ||
| 942 |
_cLIB _dJUS _fJUS _2ddc _n |
||
| 999 |
_c23098 _d23098 |
||